UBT Library

ANATOMY&PHYSIOLOGY (Record no. 58497)

000 -LEADER
fixed length control field 00326nam a22001457a 4500
008 - FIXED-LENGTH DATA ELEMENTS--GENERAL INFORMATION
fixed length control field 221011b ||||| |||| 00| 0 eng d
020 ## - INTERNATIONAL STANDARD BOOK NUMBER
International Standard Book Number 9780321786654
041 ## - LANGUAGE CODE
Language code of text/sound track or separate title eng
080 ## - UNIVERSAL DECIMAL CLASSIFICATION NUMBER
Edition identifier SIXTH EDITION
Universal Decimal Classification number 611
082 ## - DEWEY DECIMAL CLASSIFICATION NUMBER
Classification number 611 MAR
100 ## - Rafti
Rafti 11.2
101 ## - Shkurtesa
Shkurtesa ANA
245 ## - TITLE STATEMENT
Title ANATOMY&PHYSIOLOGY
Statement of responsibility, etc MARTINI
942 ## - ADDED ENTRY ELEMENTS (KOHA)
Source of classification or shelving scheme
Item type Books
Holdings
Withdrawn status Lost status Source of classification or shelving scheme Damaged status Not for loan Collection code Permanent location Current location Date acquired Total Checkouts Full call number Barcode Date last seen Price effective from Koha item type
          Koleksioni i përgjithshem UBT - Lipjan UBT - Lipjan 10/11/2022   611 MAR 002-80002870026038 10/11/2022 10/11/2022 Books
UBT Library © 2015-2024. All rights reserved University Education for Business and Technology